[Event "MVP-ch Seniors op 17th"]
[Site "Binz"]
[Date "2017.12.07"]
[Round "9.78"]
[White "Freerksen, Uwe"]
[Black "Traut, Alexander"]
[Result "0-1"]
[WhiteElo "1441"]
[BlackElo "1588"]
[PlyCount "23"]
[EventDate "2017.11.29"]
[EventType "swiss"]
[EventRounds "9"]
[EventCountry "GER"]
[SourceTitle "EXT 2019"]
[Source "ChessBase"]
[SourceDate "2018.10.10"]
[SourceVersion "1"]
[SourceVersionDate "2018.10.10"]
[SourceQuality "1"]

1. e4 e5 2. Nf3 Nc6 3. b3 Bc5 4. Bb2 Qf6 5. d3 d6 6. Nc3 Nge7 7. Nb5 Bb6 8. g3 a6 9. Nc3 Bg4 10. Bg2 Nd4 11. h3 Nxf3+ 12. Kf1 0-1

[Event "MVP-ch Seniors op 17th"]
[Site "Binz"]
[Date "2017.11.29"]
[Round "1.83"]
[White "Freerksen, Uwe"]
[Black "Aigner, Georg"]
[Result "0-1"]
[WhiteElo "1441"]
[BlackElo "1875"]
[PlyCount "48"]
[EventDate "2017.11.29"]
[EventType "swiss"]
[EventRounds "9"]
[EventCountry "GER"]
[SourceTitle "EXT 2019"]
[Source "ChessBase"]
[SourceDate "2018.10.10"]
[SourceVersion "1"]
[SourceVersionDate "2018.10.10"]
[SourceQuality "1"]

1. e4 e5 2. Nf3 Nc6 3. Nc3 Nf6 4. d3 d5 5. h3 dxe4 6. dxe4 Qxd1+ 7. Kxd1 a6 8. a3 Be6 9. Nd2 0-0-0 10. f3 Nd4 11. Bd3 c5 12. Nc4 Bxc4 13. Bxc4 Nb3+ 14. Nd5 Nxa1 15. Bd2 b5 16. Ba2 c4 17. c3 Nxd5 18. exd5 Rxd5 19. Ke2 Nb3 20. Bxb3 cxb3 21. Rd1 Be7 22. g3 Rhd8 23. h4 g5 24. c4 bxc4 0-1

[Event "Schleswig Holstein-ch Seniors op 10th"]
[Site "Buesum"]
[Date "2016.10.04"]
[Round "9"]
[White "Walther, Renate"]
[Black "Freerksen, Uwe"]
[Result "0-1"]
[WhiteElo "1207"]
[BlackElo "1508"]
[PlyCount "74"]
[EventDate "2016.09.26"]
[EventType "swiss"]
[EventRounds "9"]
[EventCountry "GER"]
[SourceTitle "EXT 2019"]
[Source "ChessBase"]
[SourceDate "2018.10.10"]
[SourceVersion "1"]
[SourceVersionDate "2018.10.10"]
[SourceQuality "1"]

1. e4 e5 2. d4 exd4 3. Qxd4 Nc6 4. Qe3 d6 5. Nc3 Nf6 6. h3 a6 7. Bd2 Be6 8. f4 b5 9. 0-0-0 Bc8 10. Be2 Bb7 11. Nf3 Be7 12. Nd5 Nxd5 13. exd5 Nb8 14. Bc3 Rg8 15. g4 Nd7 16. Rhg1 Nb6 17. Bd4 Bxd5 18. Bxb6 Bc4 19. Bd4 c5 20. c3 Bxe2 21. Qxe2 cxd4 22. Nxd4 Qc7 23. Kd2 Rd8 24. Rgf1 Rd7 25. Qe3 Kd8 26. f5 h6 27. Qd3 Bg5+ 28. Ke2 Re8+ 29. Kf3 Re3+ 30. Kf2 Rxd3 31. Rxd3 Qc4 32. Rfd1 Re7 33. b3 Qc7 34. Kg2 Re3 35. Nf3 Rxd3 36. Rxd3 Qc6 37. Rd1 Qxc3 0-1

[Event "Schleswig Holstein-ch Seniors op 10th"]
[Site "Buesum"]
[Date "2016.10.03"]
[Round "8"]
[White "Freerksen, Uwe"]
[Black "Lachat, Martin"]
[Result "0-1"]
[WhiteElo "1508"]
[BlackElo "1601"]
[PlyCount "38"]
[EventDate "2016.09.26"]
[EventType "swiss"]
[EventRounds "9"]
[EventCountry "GER"]
[SourceTitle "EXT 2019"]
[Source "ChessBase"]
[SourceDate "2018.10.10"]
[SourceVersion "1"]
[SourceVersionDate "2018.10.10"]
[SourceQuality "1"]

1. e4 d5 2. exd5 Nf6 3. Be2 Nxd5 4. d3 e5 5. Nf3 Nc6 6. h3 Be7 7. 0-0 0-0 8. Bd2 Be6 9. Nc3 Nxc3 10. Bxc3 Bf6 11. Rb1 Qe7 12. b3 Rad8 13. Qc1 Rfe8 14. Bb2 Nd4 15. Ba3 Nxe2+ 16. Kh1 Qd7 17. Qe1 Nf4 18. Nxe5 Qd5 19. Nf3 Nxh3 0-1

[Event "Schleswig Holstein-ch Seniors op 10th"]
[Site "Buesum"]
[Date "2016.09.26"]
[Round "1"]
[White "Bars, Joachim"]
[Black "Freerksen, Uwe"]
[Result "1/2-1/2"]
[WhiteElo "1920"]
[BlackElo "1508"]
[PlyCount "64"]
[EventDate "2016.09.26"]
[EventType "swiss"]
[EventRounds "9"]
[EventCountry "GER"]
[SourceTitle "EXT 2019"]
[Source "ChessBase"]
[SourceDate "2018.10.10"]
[SourceVersion "1"]
[SourceVersionDate "2018.10.10"]
[SourceQuality "1"]

1. d4 d5 2. c4 c6 3. Nf3 Nd7 4. cxd5 cxd5 5. Nc3 e6 6. e3 a6 7. Bd3 Ngf6 8. Bd2 Bd6 9. Qb3 Rb8 10. Rc1 0-0 11. a4 Re8 12. a5 Bc7 13. Qa4 Bxa5 14. b4 Bc7 15. Qb3 b5 16. 0-0 Nb6 17. Ne5 Bxe5 18. dxe5 Nfd7 19. f4 Nc4 20. Qc2 Nxd2 21. Qxd2 Nb6 22. Rf3 Nc4 23. Qc2 g6 24. Ne2 Bb7 25. Nd4 Rc8 26. Qb1 Nd2 27. Rxc8 Nxf3+ 28. gxf3 Qxc8 29. Kg2 Re7 30. h4 Rc7 31. Qe1 Qf8 32. h5 Bc8 1/2-1/2

[Event "Hessen-ch Seniors op 12th"]
[Site "Bad Sooden-Allendorf"]
[Date "2016.05.08"]
[Round "8"]
[White "Freerksen, Uwe"]
[Black "Buss, Richard"]
[Result "1-0"]
[WhiteElo "1458"]
[BlackElo "1618"]
[PlyCount "105"]
[EventDate "2016.04.30"]
[EventType "swiss"]
[EventRounds "9"]
[EventCountry "GER"]
[SourceTitle "EXT 2019"]
[Source "ChessBase"]
[SourceDate "2018.10.10"]
[SourceVersion "1"]
[SourceVersionDate "2018.10.10"]
[SourceQuality "1"]

1. e4 e6 2. Nf3 d5 3. exd5 exd5 4. h3 Nf6 5. b3 Bd6 6. Bb2 0-0 7. Be2 Re8 8. 0-0 c5 9. c4 d4 10. Bd3 b6 11. Na3 a6 12. Nc2 Nc6 13. a3 Qc7 14. Re1 Bd7 15. Bf1 Re7 16. Rxe7 Nxe7 17. d3 Re8 18. Bc1 Bf4 19. b4 Ng6 20. Bxf4 Nxf4 21. bxc5 bxc5 22. Qd2 Ng6 23. Re1 Ne5 24. Rxe5 Rxe5 25. Qf4 Qc8 26. Nxe5 Be6 27. Ne1 Nh5 28. Qe4 Nf6 29. Qc6 Qxc6 30. Nxc6 Kf8 31. Nf3 Nd7 32. Nfe5 Nxe5 33. Nxe5 Ke7 34. g4 f6 35. Nc6+ Kd6 36. Bg2 Bxc4 37. dxc4 d3 38. Bf3 d2 39. Na5 Ke5 40. Nb3 Kd6 41. Nxd2 Kc7 42. Ne4 Kb6 43. Kf1 h6 44. Ke2 a5 45. a4 Kc7 46. Nxc5 g6 47. Ne6+ Kb6 48. c5+ Ka7 49. c6 Kb8 50. Kd3 f5 51. gxf5 gxf5 52. Kc4 h5 53. Bxh5 1-0

[Event "MVP-ch Seniors op 15th"]
[Site "Binz"]
[Date "2015.11.28"]
[Round "5.81"]
[White "Freerksen, Uwe"]
[Black "Moeller, Peter1111"]
[Result "0-1"]
[WhiteElo "1209"]
[BlackElo "1384"]
[PlyCount "38"]
[EventDate "2015.11.24"]
[EventType "swiss"]
[EventRounds "9"]
[EventCountry "GER"]
[SourceTitle "EXT 2017"]
[Source "ChessBase"]
[SourceDate "2016.10.25"]
[SourceVersion "1"]
[SourceVersionDate "2016.10.25"]
[SourceQuality "1"]

1. e4 c5 2. Nc3 g6 3. d3 Bg7 4. Bd2 Nc6 5. Rb1 b6 6. g3 Bb7 7. Nf3 e6 8. Bg2 Nge7 9. 0-0 0-0 10. h3 d5 11. b3 Qd7 12. Kh2 Rad8 13. exd5 Nxd5 14. Ne2 Qc7 15. Qe1 Rfe8 16. Bc3 Nxc3 17. Nxc3 Nb4 18. Nb5 Qb8 19. d4 Nxc2 0-1

[Event "MVP-ch Seniors op 15th"]
[Site "Binz"]
[Date "2015.11.25"]
[Round "2.76"]
[White "Moews, Harald"]
[Black "Freerksen, Uwe"]
[Result "1-0"]
[WhiteElo "1629"]
[BlackElo "1209"]
[PlyCount "67"]
[EventDate "2015.11.24"]
[EventType "swiss"]
[EventRounds "9"]
[EventCountry "GER"]
[SourceTitle "EXT 2017"]
[Source "ChessBase"]
[SourceDate "2016.10.25"]
[SourceVersion "1"]
[SourceVersionDate "2016.10.25"]
[SourceQuality "1"]

1. e4 e5 2. d3 Nc6 3. c4 d6 4. Nc3 Nf6 5. f3 g6 6. Nge2 Bg7 7. Be3 Bd7 8. Qd2 a6 9. g4 h6 10. Ng3 Nd4 11. Bg2 c5 12. h4 Nh7 13. Rc1 Rb8 14. Bxh6 Bf6 15. g5 Be7 16. Nd5 Ne6 17. Nxe7 Qxe7 18. Bh3 Nf4 19. Bxd7+ Kxd7 20. Ne2 Ne6 21. f4 exf4 22. Nxf4 Nd4 23. Rf1 Nf5 24. Nd5 Qe5 25. Kd1 Nxh6 26. gxh6 Rhf8 27. Qc3 Qh5+ 28. Kc2 Qxh6 29. Rf4 g5 30. hxg5 Nxg5 31. Rcf1 b5 32. Qa5 Qh2+ 33. R4f2 Qe5 34. Qc7+ 1-0

[Event "GER-chB Seniors 27th"]
[Site "Magdeburg"]
[Date "2015.08.19"]
[Round "5"]
[White "Kuhnert, Werner Eberhard"]
[Black "Freerksen, Uwe"]
[Result "1/2-1/2"]
[WhiteElo "1481"]
[BlackElo "1501"]
[PlyCount "46"]
[EventDate "2015.08.15"]
[EventType "swiss"]
[EventRounds "9"]
[EventCountry "GER"]
[SourceTitle "EXT 2018"]
[Source "ChessBase"]
[SourceDate "2017.10.13"]
[SourceVersion "1"]
[SourceVersionDate "2017.10.13"]
[SourceQuality "1"]

1. e4 e5 2. Nf3 d6 3. d4 Nd7 4. dxe5 dxe5 5. Nc3 Ngf6 6. Bg5 c6 7. h3 Be7 8. Bc4 b5 9. Bb3 Ba6 10. Bxf6 Bxf6 11. Ne2 0-0 12. c3 Nc5 13. Bc2 Qc7 14. 0-0 Rad8 15. Qb1 b4 16. Re1 Bxe2 17. Rxe2 bxc3 18. bxc3 Ne6 19. Qe1 Nf4 20. Rd2 c5 21. Rxd8 Rxd8 22. Rd1 Rxd1 23. Qxd1 Qa5 1/2-1/2

[Event "GER-chB Seniors 27th"]
[Site "Magdeburg"]
[Date "2015.08.18"]
[Round "4"]
[White "Freerksen, Uwe"]
[Black "Walther, Renate"]
[Result "0-1"]
[WhiteElo "1501"]
[BlackElo "1207"]
[PlyCount "72"]
[EventDate "2015.08.15"]
[EventType "swiss"]
[EventRounds "9"]
[EventCountry "GER"]
[SourceTitle "EXT 2018"]
[Source "ChessBase"]
[SourceDate "2017.10.13"]
[SourceVersion "1"]
[SourceVersionDate "2017.10.13"]
[SourceQuality "1"]

1. e4 e5 2. Nf3 Nc6 3. Bc4 Nf6 4. Nc3 Bc5 5. h3 0-0 6. d3 d6 7. a3 a6 8. Ba2 Ne7 9. b4 Bb6 10. 0-0 Be6 11. Bxe6 fxe6 12. Ng5 Qd7 13. Bd2 Bd4 14. Nf3 Ng6 15. Nxd4 exd4 16. Ne2 e5 17. Ng3 d5 18. c4 dxc3 19. Bxc3 dxe4 20. Qb3+ Kh8 21. dxe4 h6 22. Rad1 Qc6 23. Qc2 Qe6 24. Nf5 Nxe4 25. Qxe4 Qxf5 26. Qxb7 Qg5 27. Bd2 Qf6 28. Qxc7 Rae8 29. Be3 Nh4 30. Rd6 Re6 31. Rxe6 Qxe6 32. f3 Qg6 33. g4 Nxf3+ 34. Kh1 Qe4 35. Rxf3 Qxf3+ 36. Kh2 Qxe3 0-1

[Event "Hessen-ch Seniors op 11th"]
[Site "Bad Sooden-Allendorf"]
[Date "2015.05.17"]
[Round "9"]
[White "Freerksen, Uwe"]
[Black "Winkler, Werner"]
[Result "0-1"]
[WhiteElo "1504"]
[BlackElo "1563"]
[PlyCount "84"]
[EventDate "2015.05.09"]
[EventType "swiss"]
[EventRounds "9"]
[EventCountry "GER"]
[SourceTitle "EXT 2018"]
[Source "ChessBase"]
[SourceDate "2017.10.13"]
[SourceVersion "1"]
[SourceVersionDate "2017.10.13"]
[SourceQuality "1"]

1. e4 e5 2. Nf3 d6 3. d3 h6 4. Be2 Nf6 5. 0-0 Nc6 6. c3 Be7 7. b4 a6 8. Bb2 0-0 9. Nbd2 Nh7 10. a4 Be6 11. h3 f5 12. d4 exd4 13. cxd4 fxe4 14. Nxe4 Bd5 15. Ng3 Bxf3 16. Bxf3 d5 17. b5 Na7 18. Qb3 Nf6 19. Rae1 Nc8 20. Kh1 Nb6 21. Nf5 Rf7 22. Bh5 Nxh5 23. Nxe7+ Rxe7 24. Qd1 Nf6 25. Ba3 Rf7 26. Bc1 axb5 27. axb5 Nc4 28. f4 Qd7 29. f5 Re8 30. Qd3 Rxe1 31. Rxe1 Re7 32. Rxe7 Qxe7 33. Bxh6 gxh6 34. Qg3+ Qg7 35. Qe1 Ne4 36. g4 Qg5 37. f6 Qxf6 38. g5 Qxg5 39. Qg1 Kg7 40. Qxg5+ hxg5 41. Kg2 Kg6 42. Kf3 Kf5 0-1

[Event "GER-chB Seniors 26th"]
[Site "Bad Neuenahr"]
[Date "2014.08.12"]
[Round "8"]
[White "Freerksen, Uwe"]
[Black "Wraga, Hermann"]
[Result "1/2-1/2"]
[WhiteElo "1536"]
[BlackElo "1609"]
[PlyCount "156"]
[EventDate "2014.08.05"]
[EventType "swiss"]
[EventRounds "9"]
[EventCountry "GER"]
[SourceTitle "EXT 2018"]
[Source "ChessBase"]
[SourceDate "2017.10.13"]
[SourceVersion "1"]
[SourceVersionDate "2017.10.13"]
[SourceQuality "1"]

1. e4 d6 2. d3 Nf6 3. Nf3 Nbd7 4. b3 c5 5. Nbd2 Qc7 6. Bb2 g6 7. Rb1 Bg7 8. Be2 0-0 9. 0-0 b5 10. h3 Bb7 11. c4 b4 12. Re1 a5 13. Bf1 e5 14. Be2 Nb6 15. Nf1 a4 16. Ng3 axb3 17. axb3 Ra2 18. Qd2 Rfa8 19. Ra1 Rxa1 20. Rxa1 Rxa1+ 21. Bxa1 Qb8 22. Bb2 Qf8 23. Bc1 Kh8 24. Ng5 h6 25. Nf3 Bc8 26. Bf1 Bd7 27. Qa2 Qa8 28. Qxa8+ Nxa8 29. Kh2 Nb6 30. Be2 Nc8 31. Ne1 Nh7 32. Nc2 Ne7 33. f4 f5 34. Kh1 g5 35. fxg5 hxg5 36. Nh5 f4 37. Nxg7 Kxg7 38. Bf3 Nf8 39. Bd2 Nc6 40. Be1 Ng6 41. Kh2 Na5 42. Na1 Kf6 43. g3 Nc6 44. Nc2 fxg3+ 45. Bxg3 Nf4 46. Bxf4 gxf4 47. h4 Kg6 48. h5+ Kh6 49. Kg2 Be8 50. Kh3 Bxh5 51. Kg2 Bxf3+ 52. Kxf3 Kg5 53. Kg2 Kg4 54. Kf2 Na5 55. Na1 f3 56. Nc2 Nxb3 57. Ne3+ Kg5 58. Kxf3 Nd4+ 59. Kf2 b3 60. Nd5 Kg4 61. Nc3 Kh3 62. Na4 Kg4 63. Nc3 Nf3 64. Na4 Nd2 65. Ke2 Nb1 66. Nb2 Kf4 67. Na4 Na3 68. Nb2 Nc2 69. Na4 Na3 70. Nb2 Kg5 71. Na4 Kf6 72. Kd2 Nc2 73. Ke2 Ke7 74. Nb2 Kd7 75. Kd2 Kc7 76. Kc3 Nd4 77. Nd1 Kb6 78. Kb2 Ka5 1/2-1/2